| 000 | 00000nas 2200000za 4500 |
| 001 | 9.500286 |
| 003 | CaOODSP |
| 005 | 20241210082311 |
| 007 | cr ||||||||||| |
| 008 | 150406d20072018oncmr p os f0 b0fre|d |
| 022 | |a1916-405X|y1488-4186 |
| 040 | |aCaOODSP|bfre |
| 041 | |aeng|afre |
| 043 | |an-cn--- |
| 086 | 1 |aFB12-5-PDF |
| 110 | 2 |aBanque du Canada. |
| 222 | 0|aBank of Canada banking and financial statistics |b(Online) |
| 245 | 10|aBank of Canada banking and financial statistics |h[ressource électronique] = |bStatistiques bancaires et financières de la Banque du Canada. |
| 246 | 31|aStatistiques bancaires et financières de la Banque du Canada |
| 260 | |a[Ottawa] : |bBank of Canada = Banque du Canada, |c[2007-2018] |
| 310 | |aMensuel |
| 362 | 1 |aParaît depuis Oct. 2007; ne paraît plus après Juin 2018. |
| 546 | |aTexte en anglais et en français. |
| 580 | |aA absorbe : Bulletin hebdomadaire de statistiques financières. |
| 692 | 07|2gccst|aAnalyse financière |
| 692 | 07|2gccst|aOpération bancaire |
| 776 | 0#|tBank of Canada banking and financial statistics |w(CaOODSP)9.508442 |
| 780 | 00|tWeekly financial statistics |w(CaOODSP)9.500100 |
| 791 | |tBank of Canada banking and financial statistics |eeng|w(CaOODSP)9.500285 |